[Event "Biel Credit Suisse"]
[Site "Biel"]
[Date "1997.07.25"]
[Round "4"]
[White "Lautier, Joel"]
[Black "Milov, Vadim"]
[Result "1-0"]
[WhiteElo "2660"]
[BlackElo "2635"]
[Annotator "Huebner,R"]
[PlyCount "83"]
[EventDate "1997.07.20"]
[EventType "tourn"]
[EventRounds "10"]
[EventCountry "SUI"]
[EventCategory "17"]
[SourceTitle "CBM 060"]
[Source "ChessBase"]
[SourceDate "1997.09.29"]
[SourceVersion "1"]
[SourceVersionDate "1997.09.29"]
[SourceQuality "1"]

1. d4 {Lautier} d5 2. c4 c6 3. Nf3 Nf6 4. Nc3 dxc4 5. a4 Na6 6. e4 Bg4 7. Bxc4
Bxf3 8. gxf3 e6 9. Be3 Nb4 10. f4 $6 {Meines Erachtens wird durch diesen
Vorstoß die Bauernstruktur des Weißen kompromittiert. Nach} (10. a5 Be7 (10...
b5 {Lautier} 11. axb6 axb6 $11) 11. O-O $14 {steht Weiß ein wenig bequemer.}) (
10. O-O {Lautier} Be7 (10... Qa5 11. Kh1 Be7 12. Rg1 $14) 11. Kh1 O-O 12. Rg1
$14) 10... Qa5 11. O-O O-O-O {Auf lange Sicht hat Schwarz Angriffsaussichten,
da die Bauernstruktur des Weißen am Königsflügel geschwächt ist.} (11... Be7 {
Lautier} 12. Kh1 O-O 13. Rg1 Rad8 (13... Qh5 14. f3 $14 Nc2 $4 15. Qxc2 Qxf3+
16. Qg2 $18) 14. Rg5 Qc7 15. Qe2 $14) 12. Qe2 (12. Kh1 $2 {Lautier} c5 {>< d4})
12... Be7 {Schwarz strebt eine solide Aufstellung an.} (12... h6 13. Kh1 g5 14.
Rad1 {gefolgt von Tf1-g1 sieht zu stürmisch aus.}) 13. Kh1 g6 {Schwarz strebt
danach, den Vorstoß f4-f5 dauerhaft zu unterbinden.} 14. Rac1 {Weiß deckt das
Feld c2, um De2-f3 zur Hand zu haben.} (14. Rg1 $6 {Lautier /\ Rg5} Qh5 $11 15.
f3 $6 Nc2 $1) 14... Kb8 15. Rg1 Nh5 (15... Qh5 {Lautier} 16. f3 $14) 16. Qf3 {
/\ f5} Ng7 17. Rgd1 {/\ d5} Qh5 $6 (17... f5 {verdient Beachtung; die
Bauernstruktur des Weißen im Zentrum wird zerstört.}) (17... f5 $2 {Lautier}
18. d5 exd5 (18... fxe4 $2 19. Qxe4 cxd5 20. Qe5+ Qc7 (20... Bd6 21. Qxg7 dxc4
22. Rxd6 $18) 21. Bxa7+ Kc8 22. Nxd5 $18) 19. exd5 {/\ Bd4} c5 20. Nb5 Ne8 21.
Bb3 $16) (17... Ka8 $14 {Lautier}) 18. Qg2 Qa5 19. d5 {Jetzt kann Weiß die
Stellung für sein Läuferpaar öffnen; Schwarz sollte sich aber ausreichend
verteidigen können.} (19. Be2 {Lautier /\ Bf3} f5 $11) (19. Bb3 $1 {Lautier /\
d5} Ka8 $140 $6 20. d5 exd5 21. exd5 c5 22. Ne4 $16 {>< c5}) 19... exd5 20.
exd5 c5 ({Auch die Fortsetzung} 20... cxd5 21. Nxd5 (21. Bxd5 $1 {Lautier} Nxd5
(21... Rd7 $2 22. Nb5 a6 23. Ba7+ Ka8 24. Bxb7+ Rxb7 25. Rd7 $18) 22. Nxd5 $16)
21... Nxd5 22. Bxd5 Rd7 {scheint dem Schwarzen ausreichende
Verteidigungsmöglichkeiten zu gewähren. Der Textzug ist besser; Schwarz hat
Aussichten, von den strukturellen Schwächen der Bauernstellung des Gegners zu
profitieren.} (22... Rd7 23. Bxf7 Rxd1+ 24. Rxd1 Rd8 (24... Qxa4 25. b3 Qb5 26.
Bc4 $16) 25. Rxd8+ Bxd8 (25... Qxd8 26. Bd5 Nf5 $14) 26. Qe4 Nf5 $14)) 21. Ne4
Nf5 22. d6 (22. Ng5 Nd6 {bringt den Weißen nicht weiter.}) ({Eine ruhigere
Fortsetzung wie} 22. Bb3 {gefällt mir aber besser.}) (22. b3 $11 {Lautier})
22... Bxd6 23. Ng5 Be7 (23... Bc7 $5 24. Nxf7 Rxd1+ 25. Rxd1 Re8 {gab dem
Schwarzen vielleicht noch mehr Spiel.}) 24. Nxf7 Rxd1+ 25. Rxd1 Rc8 26. b3 (26.
Be6 $5) 26... Nc6 27. Be6 Rc7 28. Qe4 ({Die Fortsetzung} 28. Bxf5 gxf5 29. Qg8+
Rc8 30. Qxh7 Qc3 31. Qxf5 Qxb3 {führt zu einer Stellung, die ich nicht
einzuschätzen vermag.}) 28... Qc3 (28... Ncd4 $5) 29. Rc1 (29. Ne5 $5) 29...
Qf6 30. Bd5 Ncd4 (30... Nb4 {kam in Betracht; nach dem Textzug muß Schwarz
stets mit b3-b4 Rechnung halten.}) 31. Ne5 Qa6 {Dieser Zug ist natürlich nicht
notwendig, aber auch kein Fehler.} 32. Bc4 Qd6 (32... Qf6 $11 {Lautier}) 33.
Rd1 a6 (33... Qb6 $11 {Lautier}) 34. b4 Qb6 35. bxc5 Bxc5 36. Qd5 {/\ Nd7} (36.
Bf1 {sieht solider aus.}) (36. Rb1 {Lautier} Qd6 $14 (36... Qa5 $6 37. Qd5 $36)
) 36... Nxe3 37. fxe3 Nf5 38. Qd8+ (38. Nd7+ Rxd7 39. Qxd7 Nxe3 {ist nicht
erfreulich für Weiß.}) (38. e4 Ne3 39. Qd8+ Ka7 {ist ebenfalls unbequem für
ihn.}) 38... Ka7 39. a5 (39. Nd7 $142 {Lautier} Qc6+ 40. Rd5 Rc8 41. Ne5 Qc7 (
41... Qe6 $2 42. Rxc5 Qxc4 43. Nc6+ $1 Rxc6 44. Rxc4 Rxc4 45. Qd3 Rxa4 46. e4
$14) 42. Qxc7 Rxc7 43. e4 Ne3 $15) 39... Qxa5 40. Rb1 Bd6 $4 {Nach äußerst
schwierigem Gewurstele auf beiden Seiten begeht Schwarz (offenbar in äußerster
Zeitnot) einen schrecklichen Bock. Wenn er ihn vermeidet, steht er klar besser,
zum Beispiel:} (40... Bb6 41. Nd7 Rxd7 42. Qxd7 Nxe3 $17) (40... Ne7 $17) (
40... Ne7 $5 $15 {Lautier}) 41. Nc6+ $18 Rxc6 (41... bxc6 {Lautier} 42. Qb8#)
42. Qxa5 1-0

[Event "Saintly Cup"]
[Site "Sydney"]
[Date "1999.01.31"]
[Round "9"]
[White "Johansen, Darryl Keith"]
[Black "Rogers, Ian"]
[Result "1/2-1/2"]
[WhiteElo "2490"]
[BlackElo "2618"]
[Annotator "Huebner,R"]
[PlyCount "118"]
[EventDate "1999.01.22"]
[EventType "tourn"]
[EventRounds "9"]
[EventCountry "AUS"]
[EventCategory "10"]
[SourceTitle "CBM 070"]
[Source "ChessBase"]
[SourceDate "1999.06.08"]
[SourceVersion "1"]
[SourceVersionDate "1999.06.08"]
[SourceQuality "1"]

1. d4 Nf6 2. Nf3 d5 3. c4 c6 4. Nc3 dxc4 5. a4 Bg4 6. Ne5 Bh5 7. g3 e6 8. Bg2
Bb4 9. O-O Nd5 10. Qc2 O-O 11. e4 $6 ({Auf} 11. Nxc4 {folgt} Nb6 {mit gutem
Spiel für Schwarz. Deshalb ist}) (11. Rd1 {üblich (Z. Ribli, Slawische
Verteidigung D16-19 [Informatormonographie], D16/23).}) 11... Nb6 {Dies ist
viel besser als} (11... Nf6 12. Be3 a5 13. h3 Na6 14. Nxc4 Nc7 15. f4 h6 16.
Ne5 Bg6 17. Nxg6 $16 {1-0 Bogdanov,V-Rezonja,S/Bled 1998/EXT 99 (46)}) 12. Be3
(12. a5 Qxd4 13. axb6 Qxe5 14. Rxa7 Rxa7 15. bxa7 Nd7 {gibt dem Weißen nicht
genügend Spiel; der Bauer auf a7 ist nicht zu halten. Nach dem Textzug behält
Schwarz einen gesunden Mehrbauern; Dies zeigt, daß der Zug 11.e4 von
zweifelhaftem Wert ist.}) 12... f6 13. Nf3 a5 14. Na2 Na6 15. Nxb4 Nxb4 16. Qc3
Bxf3 17. Bxf3 f5 18. b3 fxe4 19. Bxe4 cxb3 20. Qxb3 N6d5 21. Bd2 Qb6 22. Be3
Kh8 23. Rad1 h6 24. Bc1 Rf6 25. Rd2 Rd8 26. Re1 Qa6 27. Rde2 b5 28. Bb2 bxa4
29. Qxa4 Qb5 30. Qa1 Rdf8 31. Ba3 Qc4 32. Bb2 Nd3 33. Bxd3 Qxd3 34. Qxa5 Nf4
35. Re3 (35. Rd2 {scheitert an} Qf3 36. gxf4 Rg6+ 37. Kf1 Rxf4 $19 {und
Schwarz gewinnt.}) 35... Nh3+ 36. Kg2 Rxf2+ 37. Kxh3 Qc2 38. Rh1 Qxb2 $2 (38...
Qg6 {mit der entscheidenden Drohung 39...h5 führte zum sofortigen Gewinn:} 39.
Qe5 (39. Rg1 R8f5 40. Qd8+ Kh7 41. g4 Rh5+ 42. gxh5 ({oder} 42. Kg3 Qf7 43. Qb8
Rfxh2 {nebst matt}) 42... Qxg1 43. Qb8 Qg2+ 44. Kh4 Qg5+ 45. Kh3 Qxh5+ {usw.})
39... R8f5 40. Qb8+ Kh7 41. g4 R5f3+ 42. Rxf3 Rxf3+ 43. Kg2 Qxg4+ {usw.}) 39.
Qe5 R8f6 ({Die Fortsetzung} 39... R8f5 40. Qxe6 Qxd4 41. Qe8+ Kh7 42. Qe4 {
gibt dem Weißen ebenfalls die Möglichkeit, Widerstand zu leisten.}) 40. Qe4 Qb5
41. Qe5 Qb7 42. Rg1 Qf7 43. Re2 R2f5 $2 ({Mit der Folge} 43... Rxe2 44. Qxe2
Qd7 45. Qe5 (45. Qg4 h5 {bietet ebensowenig Auskunft.}) 45... Rf5 46. Qe4 Rh5+
({Ungenau ist} 46... Rd5 {, weil Weiß} 47. Ra1 {antworten kann.}) 47. Kg2 e5
48. g4 Rg5 49. h3 exd4 {konnte Schwarz einen zweiten Bauern gewinnen und
entscheidenden Vorteil erlangen. Der Textzug gibt dem König des Weißen das
Feld das Feld g2 frei und kommt deshalb dem Weißen entgegen; es ist fraglich,
ob der Vorteil des Schwarzen jetzt noch zum Gewinn ausreicht.}) 44. Qe4 Rf2 45.
Rxf2 Rxf2 46. Qg4 Rf1 (46... Rd2 {bot immer noch gute Gewinnaussichten, zum
Beispiel} 47. Ra1 (47. Re1 {scheitert an} Qf2) 47... g5 48. Re1 Qf5 {usw.}) 47.
Rg2 h5 48. Qe4 Ra1 49. Rb2 Ra8 50. Rb1 ({Falsch wäre} 50. Rc2 {Nach} Qf1+ 51.
Kh4 g5+ {wird Weiß matt.}) 50... Rd8 51. Re1 Rd6 52. Ra1 Rd8 53. Re1 Qf2 54.
Qxe6 Qxd4 55. Qxc6 Qg4+ 56. Kg2 h4 57. Re8+ Rxe8 58. Qxe8+ Kh7 59. Qe5 hxg3
1/2-1/2

[Event "Chigorin Memorial 07th"]
[Site "St Petersburg"]
[Date "1999.11.06"]
[Round "5"]
[White "Tunik, Gennady"]
[Black "Kashtanov, Ruslan"]
[Result "1-0"]
[WhiteElo "2447"]
[BlackElo "2341"]
[Annotator "Huebner,R"]
[PlyCount "91"]
[EventDate "1999.11.02"]
[EventType "swiss"]
[EventRounds "9"]
[EventCountry "RUS"]
[SourceTitle "CBM 074"]
[Source "ChessBase"]
[SourceDate "2000.02.01"]
[SourceVersion "1"]
[SourceVersionDate "2000.02.01"]
[SourceQuality "1"]

1. d4 d5 2. c4 c6 3. Nf3 Nf6 4. Nc3 dxc4 5. a4 Bg4 6. Ne5 Bh5 7. f3 e6 8. h4 (
8. g4 Bg6 9. h4 h6 10. Nxg6 fxg6 11. e4 c5 12. dxc5 Qxd1+ 13. Kxd1 Nc6 14. Bxc4
Rd8+ 15. Ke2 Nd4+ 16. Kf2 Bxc5 17. Be3 O-O 18. Kg2 $14 {1-0 Sosonko,G-Timman,J/
Tilburg 1983/MCD (38)}) 8... Be7 (8... Nd5 9. g4 f6 10. Nxc4 Bf7 11. e4 Nb4 12.
Be3 a5 (12... Be7 13. Qd2 Nd7 14. Rd1 O-O 15. Qh2 Nb6 $13 {0-1 Damljanovic,
B-Kristensen,B/Saint John 1988/CBM 06 (40)}) 13. f4 Be7 14. f5 O-O 15. Rg1 $13
{0-1 Hansen,C-Kristensen,B/Esbjerg 1981/EXT 99 (40)}) 9. g3 (9. g4 {ist nicht
empfehlenswert:} Nxg4 10. fxg4 (10. Nxg4 Bxg4 11. fxg4 Bxh4+ 12. Kd2 Qxd4+ 13.
Kc2 Qxg4 {ist nicht besser.}) 10... Bxh4+ 11. Kd2 Qxd4+ 12. Kc2 Qxe5 13. gxh5
Qxh5 {, und Schwarz steht auf Gewinn.}) 9... Nfd7 (9... c5 {ist nicht besser:}
10. dxc5 (10. e3 cxd4 11. exd4 Nc6 12. Nxc6 bxc6 13. Bxc4 O-O {führt zu
ausgezeichnetem Spiel für Schwarz, denn die Fortsetzung} 14. g4 Nxg4 15. fxg4
Bxh4+ 16. Kd2 Qxd4+ 17. Kc2 Qxc4 18. gxh5 Rab8 {ist ungünstig für Weiß.}) 10...
Qxd1+ 11. Kxd1 Nbd7 12. Nxd7 ({Schwächer ist} 12. Nxc4 Nxc5 13. g4 O-O-O+ ({
Nach} 13... Rd8+ 14. Nd2 (14. Bd2 Nb3 15. Ra2 Nd7 16. gxh5 Nb6 {mit Vorteil
für Schwarz.}) (14. Kc2 Bg6+ 15. e4 h5 16. g5 Nd5 17. Ne5 Bh7 18. Bb5+ Kf8 {
, und Weiß ist in einer prekären Lage.}) 14... Nb3 15. Ra2 Bb4 16. gxh5 Nd5 17.
Nxd5 Rxd5 18. e4 Nxc1 19. exd5 Nxa2 20. Bc4 Bxd2 21. Kxd2 Nb4 22. Re1 {hat
Weiß das bessere Endspiel.}) 14. Kc2 (14. Bd2 Nb3 15. Ra2 Bg6 16. h5 Bxh5 17.
gxh5 Rxd2+ 18. Nxd2 Rd8 19. Ncb1 Bb4 20. Kc2 Nxd2 {mit etwa gleichem Spiel.}) (
14. Nd2 Nb3 15. Ra2 Rd7 16. Kc2 Nd4+ 17. Kb1 Bg6+ 18. e4 h5 19. g5 Nd5 {
ist ungünstig für Weiß.}) 14... Bg6+ 15. e4 h5 16. g5 Nd5 17. Ne5 Nb4+ 18. Kb1
Nb3 19. Ra3 Nxc1 20. Kxc1 Bd6 21. Nxg6 fxg6 {ist befriedigend für Schwarz.})
12... O-O-O 13. g4 Rxd7+ 14. Ke1 Bg6 15. e4 {mit Vorteil für Weiß.}) (9... O-O
10. e4 Nfd7 11. Nxc4 {ist keine Verbesserung.}) 10. Nxc4 Nb6 11. e4 O-O 12. a5
Nxc4 13. Bxc4 Kh8 $6 (13... e5 14. d5 (14. g4 Bxh4+ 15. Kf1 exd4 {sieht
schlecht für Weiß aus.}) 14... h6 {führt zu etwa gleichem Spiel.}) 14. Be3 e5
15. g4 Bxh4+ 16. Ke2 Bg6 (16... exd4 17. Qxd4 Bg6 18. f4 {führt ebenfalls zu
einer sehr schlechten Stellung für Schwarz.}) 17. dxe5 {Jetzt gibt es kein
befriedigendes Mittel gegen die Drohung f3-f4-f5.} Nd7 18. f4 (18. Rxh4 Qxh4
19. Qxd7 Rfd8 20. Qxb7 Rab8 {ist nicht empfehlenswert für Weiß.}) 18... Be7 19.
f5 $18 Nxe5 20. Qxd8 Rfxd8 21. Bb3 Nxg4 22. fxg6 fxg6 23. Rag1 Nh6 24. Na4 Bf6
25. Nc5 b6 26. Ne6 Rd7 27. axb6 axb6 28. Ra1 Re8 29. Rhd1 Rxd1 30. Rxd1 Bxb2
31. Bxb6 Bf6 32. Bc7 Ng4 33. Rc1 h5 34. Rxc6 Kh7 35. Bd5 Ra8 36. Bf4 Re8 37.
Kf3 Ra8 38. Kg2 Re8 39. Rc7 Ne5 40. Bxe5 Bxe5 41. Ng5+ Kh6 42. Nf7+ Kh7 43.
Nxe5 Rxe5 44. Kf3 g5 45. Ke3 Re8 46. Bf7 1-0

[Event "Asker 75th"]
[Site "Asker"]
[Date "1997.11.27"]
[Round "6"]
[White "Nielsen, Peter Heine"]
[Black "Hellsten, Johan"]
[Result "1-0"]
[WhiteElo "2515"]
[BlackElo "2495"]
[Annotator "Huebner,R"]
[PlyCount "73"]
[EventDate "1997.11.22"]
[EventType "tourn"]
[EventRounds "9"]
[EventCountry "NOR"]
[EventCategory "10"]
[SourceTitle "CBM 062"]
[Source "ChessBase"]
[SourceDate "1998.01.31"]
[SourceVersion "1"]
[SourceVersionDate "1998.01.31"]
[SourceQuality "1"]

1. Nf3 Nf6 2. c4 c6 3. Nc3 d5 4. d4 dxc4 5. a4 Bg4 6. Ne5 Bh5 7. f3 Nfd7 8.
Nxc4 e5 9. g3 Bb4 10. dxe5 O-O 11. Bh3 Qe7 12. f4 f6 13. e6 Nc5 14. Ne3 Rd8 15.
Qc2 Kh8 (15... Nxe6 16. Nf5 Qd7 17. Qe4 (17. Be3 Na6 18. O-O Bf7 19. Ne4 Kh8
20. Rad1 Qc7 21. b3 Bf8 22. Qb2 Nec5 23. Nxf6 Bxb3 24. Rxd8 Rxd8 25. Ng4 Bd5
26. Nd4 Nxa4 27. Qa1 b5 28. f5 Bb4 29. Ne6 Bxe6 30. fxe6 Bc3 31. Qb1 Qe7 32.
Nh6 Rf8 33. Nf7+ Kg8 34. Bf5 Rxf7 35. Bxh7+ Kh8 36. Rxf7 Qe8 37. Qf5 {1-0
Epishin,V-Pomes,J/Manresa 1995/CBM 49/[Huebner,R]}) 17... Bxc3+ 18. bxc3 Re8
19. O-O Kh8 20. Qc4 b5 21. axb5 cxb5 22. Qd3 Nc5 23. Qxd7 Nbxd7 24. g4 Bg6 25.
Nd6 Rxe2 26. f5 Be8 27. Bg2 Rb8 28. Rxa7 Ne5 29. h3 Ncd3 30. Ba3 {Baragar,
F-Leveille,F/CAN-ch 1996/EXT 97/1/2-1/2 (49)}) 16. f5 {Auf lange Sicht ist der
Bauer auf e6 natürlich stets ein gewaltiger Trumpf für Weiß.} Nba6 17. O-O Ba5
18. Na2 Rac8 19. Nc4 Bc7 20. b4 Nxa4 $2 ({Nach} 20... b5 21. axb5 (21. bxc5
bxc4 22. Qxc4 Qxc5+ 23. Qxc5 Nxc5 {ist nicht überzeugender für Weiß.}) 21...
cxb5 22. bxc5 bxc4 23. Qxc4 Nxc5 24. Ba3 Bb6 {kann Schwarz weiterkämpfen.}) 21.
g4 $18 Be8 22. Qxa4 c5 23. b5 Nb4 24. Nxb4 cxb4 25. Be3 a6 26. Qb3 axb5 27. Nd2
Bc6 (27... Bxh2+ 28. Kxh2 Rc3 29. Qb2 Rxe3 30. Nf3 {dürfte Schwarz keine
Rettung bringen.}) 28. Rad1 Bb8 29. Nf3 h5 30. gxh5 Bxf3 31. Rxd8+ Qxd8 32.
Rxf3 Rc3 33. Qxb4 Qd1+ 34. Bf1 Rxe3 35. Rxe3 Ba7 36. Qe4 Qc1 37. e7 1-0

[Event "Sigeman & Co 03rd"]
[Site "Malmo"]
[Date "1995.??.??"]
[Round "6"]
[White "Sokolov, Ivan"]
[Black "Hellsten, Johan"]
[Result "1-0"]
[WhiteElo "2645"]
[BlackElo "2420"]
[Annotator "Huebner,R"]
[PlyCount "47"]
[EventDate "1995.05.??"]
[EventType "tourn"]
[EventRounds "9"]
[EventCountry "SWE"]
[EventCategory "12"]
[SourceTitle "CBM 048"]
[Source "ChessBase"]
[SourceDate "1995.10.01"]
[SourceVersion "1"]
[SourceVersionDate "1995.10.01"]
[SourceQuality "1"]

1. d4 d5 2. c4 c6 3. Nc3 Nf6 4. Nf3 dxc4 5. a4 Bg4 6. Ne5 Bh5 7. f3 Nfd7 8.
Nxc4 e5 9. Be3 Bg6 {Häufiger wurde 9...Bb4 versucht:} (9... Bb4 10. g4 (10. Bf2
$6 O-O 11. dxe5 Qe7 12. Bg3 (12. e4 $5) 12... Rd8 13. Qc2 Na6 14. f4 Nac5 $13 {
Berciano,E-Gonzales,L, Mesa op 1992, TD 92/09.}) (10. Qb3 Na6 (10... a5 11.
dxe5 O-O 12. g4 (12. e6 fxe6 13. g3 $5) 12... Bg6 13. h4 h5 14. gxh5 Bxh5 15.
O-O-O $13 {Link,A-Bender,E, VLN Baden 1992.}) 11. dxe5 O-O 12. g3 (12. Bf2 Qe7
13. e4 Nac5 14. Qc2 Nxe5 $10 {Müller,A-Brandes,S, OLNW 1991. Natürlich kommt
auch hier 12.g4 Bg6 13.h4 in Betracht, obwohl ich die lange Rochade als
zweifelhaft für Weiß betrachte.}) 12... Qe7 13. f4 Ndc5 {Möglicherweise ist 12.
..Nac5 stärker.} 14. Qc2 Bg4 (14... f6 $5) 15. Bg2 Qe6 16. Nd2 f6 $6 (16... Bf5
$5) 17. Nce4 Nb3 18. Rd1 Bf5 19. O-O $16 {Kratochwil,L-Markwald,J, BL2-W qual
1991, TD 91/01.}) 10... Bg6 11. dxe5 Qe7 (11... O-O $5 12. h4 h5 $13 {vgl. die
Partie Link-Bender unter B1.} (12... f5 {wird mit} 13. Qb3 {beantwortet.})) 12.
f4 Qh4+ (12... Be4 $2 13. Nd6+ $16) 13. Bf2 Qxg4 14. Qb3 Na6 15. Nd6+ Bxd6 16.
Qxb7 Nb4 17. Qxa8+ Bb8 $13 {Granda Zuniga,J-Nikolic,P, Biel izt 1992, CBM 37.
Ich wage in der Hast nicht, zu einem Urteil über den Wert der einzelnen
Abspiele zu gelangen; mehr Anwendung in der Praxis mag die Klarheit fördern.})
10. h4 {Soweit ich sehe, ist dies ein neuer Zug. In der Partie Grigorian,
K-Vasiukov,E, URS ch 42, Leningrad 1974, geschah:} (10. g3 Bb4 11. Bg2 exd4 12.
Bxd4 O-O 13. O-O Qe7 14. e4 Rd8 15. Qe2 Nc5 {In Betracht kommt 14...Bc5.} 16.
Be3 Nba6 17. Qc2 {mit etwa gleichen Aussichten für beide Seiten.}) 10... Be7 $6
(10... exd4 $6 11. Bxd4 f6 12. e4 $16) (10... Bb4 $5 {sieht aktiver und besser
aus; das Feld e7 bleibt der schwarzen Q zugänglich. Nach} 11. dxe5 O-O {
ist die Stellung nicht sehr verschieden von den oben unter B1 und C1
besprochenen. Nicht ohne Risiko für Weiß ist die Folge} 12. h5 Bf5 13. Nd6 Be6
14. Nxb7 Qc7 15. Nd6 Nxe5 {etc.}) 11. h5 Bf5 12. dxe5 O-O 13. h6 Na6 {Dies
erscheint mir zu frivol. Nötig war ein Zug mit dem gP} (13... g6 {Auf} 14. Nd6
{folgt} Be6 15. f4 f6 {mit undeutlicher Lage; oder sogar}) (13... g5 {um die
Deckung des eP durch f3-f4 zu erschweren.}) 14. hxg7 Re8 15. g4 Bg6 (15... Be6
16. Qd3 $18) 16. f4 $18 Nb4 17. Rc1 Nd5 18. Bg2 Nxe3 19. Nxe3 Bh4+ 20. Kf1 Bg3
21. f5 Qb6 22. fxg6 hxg6 23. Qd2 Bxe5 24. Ned5 1-0

[Event "Manresa"]
[Site "Manresa"]
[Date "1995.??.??"]
[Round "6"]
[White "Epishin, Vladimir"]
[Black "Pomes Marcet, Juan"]
[Result "1-0"]
[WhiteElo "2640"]
[BlackElo "2425"]
[Annotator "Huebner,R"]
[PlyCount "73"]
[EventDate "1995.06.??"]
[EventType "tourn"]
[EventRounds "9"]
[EventCountry "ESP"]
[EventCategory "11"]
[SourceTitle "CBM 049"]
[Source "ChessBase"]
[SourceDate "1995.12.01"]
[SourceVersion "1"]
[SourceVersionDate "1995.12.01"]
[SourceQuality "1"]

1. d4 d5 2. c4 c6 3. Nf3 Nf6 4. Nc3 dxc4 5. a4 Bg4 6. Ne5 Bh5 7. f3 Nfd7 8.
Nxc4 e5 9. g3 Bb4 {Das Bauernopfer dürfte nicht ausreichend sein. Versucht
wurde statt dessen:} (9... f6 10. dxe5 Nxe5 11. Qxd8+ Kxd8 12. Nxe5 fxe5 13.
Bh3 (13. Bg5+ Kc7 14. Bh3 Na6 $5 (14... Nd7 15. O-O-O Be8 16. Be3 $14 {Dautov,
R-Nikolic,P, Ter Apel 1994, CBM 40.}) 15. O-O-O Bg6 $13) 13... Kc7 14. Be3 $16
{Tisdall,J-Johannessen,S, NOR-ch 1994, TD 94/03. Das Abspiel sieht für Schwarz
nicht attraktiv aus.}) (9... Qe7 10. Bh3 Bg6 {wurde in der Partie Khalifman,
A-Rogers,I, Biel (izt) 1993, CBM 37, gespielt. Jetzt hätte Weiß mit der
einfachen Fortsetzung} 11. dxe5 Nxe5 12. Nxe5 Qxe5 13. Bf4 {(G. Hertneck) in
Vorteil kommen können. Der Zug 9.g3 scheint für Schwarz sehr unangenehm zu
sein.}) 10. dxe5 O-O 11. Bh3 (11. Qd4 Na6 12. Bf4 Ndc5 13. Qxd8 Raxd8 14. Nd2
Rfe8 {mit unklarer Stellung geschah in der Partie Kuz`min,G-Tajmanov,M,
Leningrad (itz) 1973, doch wurde der Textzug schon von verschiedenen
Kommentatoren vorgeschlagen.}) 11... Qe7 12. f4 Rd8 13. Qc2 f6 (13... Nc5 {
mit der Absicht, f7-f6 folgen zu lassen, sieht etwas besser aus, doch ist die
Lage des Schwarzen nach} 14. Be3 {nicht beneidenswert.}) 14. e6 Nc5 15. Ne3 {
Was hindert an} (15. f5 {? Meines Erachtens steht Weiß auf Gewinn:} Rd4 16. Nd2
{usw.}) 15... Nxe6 16. Nf5 Qd7 (16... Qe8 17. Qb3 Bxc3+ 18. bxc3 Kh8 (18... Bf7
19. Qxb7 $18) 19. Be3 $16) 17. Be3 (17. Qb3 Bxc3+ 18. bxc3 Bf7 $13) 17... Na6
18. O-O Bf7 (18... Bc5 19. Bxc5 Naxc5 20. Rad1 (20. b4 Nd4 $13 21. Qa2+ Bf7)
20... Qe8 21. b4 $16) (18... Kh8 $5 19. Rad1 (19. Ne4 Nac7 $13) 19... Qe8 20.
Ne4 $14) 19. Ne4 Kh8 20. Rad1 Qc7 21. b3 Bf8 22. Qb2 Nec5 (22... Rxd1 23. Rxd1
Rd8 $14) (22... Nb4 $5 $13 23. Nxf6 gxf6 24. Qxf6+ Ng7) 23. Nxf6 Bxb3 (23...
gxf6 24. Qxf6+ Kg8 25. Bd4 Rxd4 26. Rxd4 $16 Bxb3 (26... Nxb3 27. Rd7 $18) 27.
Rf3 Qf7 (27... Re8 28. Rxb3 Nxb3 29. Rd7 $18) (27... Bg7 28. Nxg7 Qxg7 29. Rd8+
Rxd8 30. Qxd8+ Qf8 31. Qd2 $16 (31. Qg5+ Qg7 32. Rxb3 Qxg5 33. fxg5 Nxb3 34.
Be6+ Kg7 35. Bxb3 Nc5 36. Bc2 b5 $13)) 28. Qg5+ Kh8 (28... Qg6 29. Ne7+ Bxe7
30. Qxe7 Re8 31. Rd8) 29. Re3) 24. Rxd8 Rxd8 25. Ng4 Bd5 26. Nd4 Nxa4 $6 (26...
Ne4 $13 27. f5 Nac5) 27. Qa1 b5 (27... N4c5 $5 28. f5 Ne4) 28. f5 Bb4 (28...
N6c5) 29. Ne6 Bxe6 30. fxe6 Bc3 (30... Rf8 $5) 31. Qb1 Qe7 32. Nh6 $18 {
Ein unnötiger Zusammenbruch von Schwarz.} Rf8 33. Nf7+ Kg8 34. Bf5 Rxf7 35.
Bxh7+ Kh8 36. Rxf7 Qe8 37. Qf5 1-0